| 000 -LEADER |
| fixed length control field |
00917nam a22002177a 4500 |
| 003 - CONTROL NUMBER IDENTIFIER |
| control field |
OSt |
| 005 - DATE AND TIME OF LATEST TRANSACTION |
| control field |
20260122192357.0 |
| 008 - FIXED-LENGTH DATA ELEMENTS--GENERAL INFORMATION |
| fixed length control field |
230331b ||||| |||| 00| 0 eng d |
| 040 ## - CATALOGING SOURCE |
| Transcribing agency |
Ost |
| 041 ## - LANGUAGE CODE |
| Language code of text/sound track or separate title |
Shan |
| 082 ## - DEWEY DECIMAL CLASSIFICATION NUMBER |
| Classification number |
294.3092 |
| 245 ## - TITLE STATEMENT |
| Title |
ပီၵွၼ်းၶမ်းၸဝ်ႈသြႃႇၵဝိထၸဝိႁၢရ်ၼွင်မွၼ်တူင်ႇဝဵင်းလႃႈသဵဝ်ႈ။ |
| Statement of responsibility, etc. |
ၸဝ်ႈၶူးသီႇရိိၶမ်း ၶပ်းၶိုင်- |
| 260 ## - PUBLICATION, DISTRIBUTION, ETC. |
| Place of publication, distribution, etc. |
တႃႈၵုင်ႈ |
| Name of publisher, distributor, etc. |
ၵတ်း |
| Date of publication, distribution, etc. |
2018 |
| 300 ## - PHYSICAL DESCRIPTION |
| Extent |
vi၊ 159 ၼႃႈ |
| Other physical details |
ၶႅပ်းႁၢင်ႈ |
| Dimensions |
21 ၸိၼ်ႇထီႇ |
| 500 ## - GENERAL NOTE |
| General note |
S-SAT: Dr. Prof Sai Aung Tun |
| 504 ## - BIBLIOGRAPHY, ETC. NOTE |
| Bibliography, etc. note |
ပႃးၽိုၼ်ဢိင် |
| 650 ## - SUBJECT ADDED ENTRY--TOPICAL TERM |
| Topical term or geographic name entry element |
ထေရုပ်ႉပတ်ႉတိ (ပပ်ႉတီႈမၢႆတွင်း) |
| 942 ## - ADDED ENTRY ELEMENTS (KOHA) |
| Koha item type |
Books (Long term) |
| 650 ## - SUBJECT ADDED ENTRY--TOPICAL TERM |
| 9 (RLIN) |
65619 |
|
| Source of classification or shelving scheme |
|
|
| Source of classification or shelving scheme |
|